Cours elementaire de dessin de machines (Registro nro. 127265)

Detalles MARC
001 - NÚMERO DE CONTROL
campo de control 516876
005 - FECHA Y HORA DE LA ÚLTIMA TRANSACCIÓN
campo de control 20260506083139.0
008 - DATOS DE LONGITUD FIJA--INFORMACIÓN GENERAL
campo de control de longitud fija 990824nuuuuuuuu fre
035 ## - NÚMERO DE CONTROL DEL SISTEMA
Número de control de sistema 516876
035 ## - NÚMERO DE CONTROL DEL SISTEMA
Número de control de sistema (OCoLC)777760642
040 ## - FUENTE DE LA CATALOGACIÓN
Centro/agencia transcriptor comduadb
041 ## - CÓDIGO DE LENGUA
Código de lengua del texto/banda sonora o título independiente fre
082 #4 - NÚMERO DE LA CLASIFICACIÓN DECIMAL DEWEY
Número de clasificación 621
245 10 - MENCIÓN DE TÍTULO
Título Cours elementaire de dessin de machines
260 ## - PUBLICACIÓN, DISTRIBUCIÓN, ETC.
Lugar de publicación, distribución, etc. Francia.
300 ## - DESCRIPCIÓN FÍSICA
Extensión 100h.:il.
650 #7 - PUNTO DE ACCESO ADICIONAL DE MATERIA--TÉRMINO DE MATERIA
Término de materia o nombre geográfico como elemento de entrada Diseño de máquinas
Fuente del encabezamiento o término lemb
9 (RLIN) 28207
942 ## - ELEMENTOS DE ENTRADA AGREGADA (KOHA)
Tipo de ítem Koha Libros
Existencias
Estado de retiro Estado de pérdida Estado dañado No para préstamo Código de colección Localización permanente Ubicación/localización actual Fecha de adquisición Número de inventario Total de préstamos Signatura topográfica completa Código de barras Fecha visto por última vez Número de copia Precio válido a partir de Tipo de ítem Koha
        Colección Patrimonio Documental. Piso 4 Biblioteca Carlos Gaviria Díaz, Campus Medellín Biblioteca Carlos Gaviria Díaz, Campus Medellín 24/08/1999 C574860   621.815 C861 6-10000003134269 22/04/2023 1 22/04/2023 Libros - Reserva